[Event "POL-chT IV GrB"]
[Site "Konin"]
[Date "2011.02.27"]
[Round "8"]
[White "Krolak, Nikola"]
[Black "Grzegorowski, Artur"]
[Result "0-1"]
[WhiteElo "1350"]
[BlackElo "1984"]
[PlyCount "56"]
[EventDate "2011.01.23"]
[EventType "team-tourn"]
[EventRounds "9"]
[EventCountry "POL"]
[SourceTitle "EXT 2019"]
[Source "ChessBase"]
[SourceDate "2018.10.10"]
[SourceVersion "1"]
[SourceVersionDate "2018.10.10"]
[SourceQuality "1"]
[WhiteTeam "Slesin M-GOK Gambit"]
[BlackTeam "Ostrow Wielkopolski II"]
[WhiteTeamCountry "POL"]
[BlackTeamCountry "POL"]

1. e4 c5 2. Nf3 d6 3. d4 cxd4 4. Nxd4 Nf6 5. Nc3 a6 6. f4 e6 7. Bd3 Be7 8. Qe2 Qb6 9. Nf3 Nc6 10. Qe3 Qc7 11. h3 0-0 12. 0-0 d5 13. e5 d4 14. Qe1 dxc3 15. exf6 Bxf6 16. bxc3 Bd7 17. Bd2 Rfe8 18. Qe4 g6 19. Rab1 Rab8 20. Rfe1 e5 21. fxe5 Nxe5 22. Bf4 Nxf3+ 23. Qxf3 Qc5+ 24. Kf1 Bc6 25. Qd1 Rxe1+ 26. Qxe1 Re8 27. Qf2 Qxc3 28. Rb3 Qa1+ 0-1

[Event "POL-chT4B 0910"]
[Site "Wielkoposka"]
[Date "2010.05.16"]
[Round "9"]
[White "Grzegorowski, Artur"]
[Black "Oleksy, Krzysztof"]
[Result "1-0"]
[WhiteElo "1987"]
[BlackElo "1949"]
[PlyCount "55"]
[EventDate "2010.01.10"]
[EventType "team-tourn"]
[EventRounds "9"]
[EventCountry "POL"]
[SourceTitle "EXT 2019"]
[Source "ChessBase"]
[SourceDate "2018.10.10"]
[SourceVersion "1"]
[SourceVersionDate "2018.10.10"]
[SourceQuality "1"]
[WhiteTeam "Ostrow Wielkopolski II"]
[BlackTeam "Turek Tecza"]
[WhiteTeamCountry "POL"]
[BlackTeamCountry "POL"]

1. Nf3 d5 2. e3 g6 3. c4 Bg7 4. cxd5 Qxd5 5. Nc3 Qd8 6. Bc4 e6 7. d4 Ne7 8. 0-0 0-0 9. Qc2 c6 10. Rd1 Nd5 11. Bd2 Nd7 12. Ne4 N7f6 13. Nc5 Nd7 14. e4 N5b6 15. Bb4 a5 16. Nxd7 axb4 17. Nxf8 Bxf8 18. Bb3 Qf6 19. Rd3 Nd7 20. Rad1 Qf4 21. Nd2 Bd6 22. g3 Qg5 23. Nf3 Qh5 24. h4 Qg4 25. Kg2 Qxe4 26. Re1 Qf5 27. Ng5 e5 28. Nxf7 1-0

[Event "POL-chT4B 0910"]
[Site "Wielkoposka"]
[Date "2010.03.07"]
[Round "6"]
[White "Kujawski, Jan"]
[Black "Grzegorowski, Artur"]
[Result "1-0"]
[WhiteElo "2061"]
[BlackElo "1987"]
[PlyCount "87"]
[EventDate "2010.01.10"]
[EventType "team-tourn"]
[EventRounds "9"]
[EventCountry "POL"]
[SourceTitle "EXT 2019"]
[Source "ChessBase"]
[SourceDate "2018.10.10"]
[SourceVersion "1"]
[SourceVersionDate "2018.10.10"]
[SourceQuality "1"]
[WhiteTeam "Gniezno LKS Chrobry II"]
[BlackTeam "Ostrow Wielkopolski II"]
[WhiteTeamCountry "POL"]
[BlackTeamCountry "POL"]

1. e4 c5 2. c3 e6 3. d4 Nf6 4. e5 Nd5 5. Nf3 cxd4 6. cxd4 Nc6 7. Nc3 Bb4 8. Bd2 Nxc3 9. bxc3 Ba5 10. Qc2 d6 11. Bb5 d5 12. 0-0 Bd7 13. Rab1 Rc8 14. Qd3 a6 15. Ba4 Nxe5 16. Bxd7+ Nxd7 17. Rxb7 Rc4 18. Rfb1 0-0 19. Rxd7 Qxd7 20. Ne5 Qc7 21. Nxc4 dxc4 22. Qg3 Qxg3 23. hxg3 h6 24. Kf1 Rd8 25. f4 Kf8 26. Rb7 Ke8 27. Ra7 Rd6 28. Ra8+ Kd7 29. Rf8 f5 30. Rf7+ Kc6 31. Ra7 Kd5 32. Rxg7 Ke4 33. Ke2 Rb6 34. Re7 Kd5 35. Ke3 Rb2 36. g4 Kd6 37. Ra7 Rb6 38. gxf5 exf5 39. Rf7 Ke6 40. Rc7 Kd6 41. Rc5 Ke6 42. Rxa5 Kf6 43. Ra4 Rc6 44. d5 1-0

[Event "POL-chT4B 0910"]
[Site "Wielkoposka"]
[Date "2010.03.07"]
[Round "8"]
[White "Majdecki, Robert"]
[Black "Grzegorowski, Artur"]
[Result "0-1"]
[WhiteElo "1800"]
[BlackElo "1987"]
[PlyCount "95"]
[EventDate "2010.01.10"]
[EventType "team-tourn"]
[EventRounds "9"]
[EventCountry "POL"]
[SourceTitle "EXT 2019"]
[Source "ChessBase"]
[SourceDate "2018.10.10"]
[SourceVersion "1"]
[SourceVersionDate "2018.10.10"]
[SourceQuality "1"]
[WhiteTeam "Slesin M-GOK Gambit"]
[BlackTeam "Ostrow Wielkopolski II"]
[WhiteTeamCountry "POL"]
[BlackTeamCountry "POL"]

1. d4 Nf6 2. c4 e6 3. Nf3 b6 4. Nc3 Bb4 5. Bg5 Bb7 6. e3 0-0 7. a3 Bxc3+ 8. bxc3 d6 9. Bd3 Nbd7 10. e4 e5 11. d5 h6 12. Bh4 Qe8 13. 0-0 Nh5 14. Nd2 Nf4 15. Bc2 Nc5 16. Qf3 Bc8 17. Bg3 Ng6 18. Qh5 Bd7 19. f4 exf4 20. Bxf4 Nxf4 21. Rxf4 Ba4 22. Bb1 Qe7 23. Ba2 Bc2 24. Rg4 f5 25. Rg3 Kh8 26. Bb1 Bxb1 27. Rxb1 fxe4 28. Re1 Rae8 29. Qg4 Qf6 30. Rf1 Qe5 31. Re1 Rf4 32. Qg6 Re7 33. Ree3 Ref7 34. Rh3 R7f6 35. Qg3 Nb3 36. Nf3 Qf5 37. Rh4 Rxh4 38. Qxh4 exf3 39. Re8+ Kh7 40. gxf3 Qxf3 41. Qe4+ Qxe4 42. Rxe4 Rf7 43. Re3 a5 44. Kg2 Kg8 45. Kg3 Kf8 46. Kg4 Nd2 47. Re2 Nxc4 48. a4 0-1